ՀՀ Գիտությունների ազգային ակադեմիայի հիմնարար գիտական գրադարան  =   Fundamental Scientific Library of NAS RA

Плодоводство : (Record no. 454081)

MARC details
000 -LEADER
fixed length control field 00915nam a2200241 u 4500
001 - CONTROL NUMBER
control field 000872906
003 - CONTROL NUMBER IDENTIFIER
control field AM-YEHGA
005 - DATE AND TIME OF LATEST TRANSACTION
control field 20250617160500.0
008 - FIXED-LENGTH DATA ELEMENTS--GENERAL INFORMATION
fixed length control field 120306s1934 ru r 000 0 rus d
040 ## - CATALOGING SOURCE
Original cataloging agency AM-YeHGA
041 0# - LANGUAGE CODE
Language code of text/sound track or separate title rus
090 ## - LOCALLY ASSIGNED LC-TYPE CALL NUMBER (OCLC); LOCAL CALL NUMBER (RLIN)
-- 457062
245 00 - TITLE STATEMENT
Title Плодоводство :
Remainder of title Экономика и агротехника плодово-ягодных культур /
Statement of responsibility, etc. Н.Г. Жучков, А.П. Коваль, В.В. Малинковский, В.П. Великанова.
260 ## - PUBLICATION, DISTRIBUTION, ETC.
Place of publication, distribution, etc. Москва ;
-- Ленинград :
Name of publisher, distributor, etc. Сельхозгиз,
Date of publication, distribution, etc. 1934.
300 ## - PHYSICAL DESCRIPTION
Extent 542 с. :
Other physical details рис., табл. ;
Dimensions 22 см.
650 14 - SUBJECT ADDED ENTRY--TOPICAL TERM
Topical term or geographic name entry element Плодовые культуры
650 14 - SUBJECT ADDED ENTRY--TOPICAL TERM
Topical term or geographic name entry element Ягодоводство
700 1# - ADDED ENTRY--PERSONAL NAME
Personal name Жучков, Н.Г.
700 1# - ADDED ENTRY--PERSONAL NAME
Personal name Коваль, А.П.
700 1# - ADDED ENTRY--PERSONAL NAME
Personal name Малинковский, В.В.
700 1# - ADDED ENTRY--PERSONAL NAME
Personal name Великанова, В.П.
942 ## - ADDED ENTRY ELEMENTS (KOHA)
Source of classification or shelving scheme Universal Decimal Classification
Koha item type Գրքեր / Books
Holdings
Withdrawn status Lost status Damaged status Not for loan Collection Home library Current library Date acquired Total checkouts Full call number Barcode Date last seen Price effective from Koha item type Public note
        General Fundamental Scientific Library Fundamental Scientific Library 02/11/2020   PIII/658777 FL0630354 02/11/2020 02/11/2020 Գրքեր / Books 30 Days Loan


ՀՀ ԳԱԱ հիմնարար գիտական գրադարան
ՀՀ,Երևան 0019
Մարշալ Բաղրամյան 24/6
հեռախոս:(374-10) 52-47-50
Հետադարձ կապ

All site content, except where otherwise noted, is licensed under a
Creative Commons License